The National union catalog : (Record no. 707)
[ view plain ]
| 000 -LEADER | |
|---|---|
| fixed length control field | 01130nam a22002652 4500 |
| 001 - CONTROL NUMBER | |
| control field | 707 |
| 003 - CONTROL NUMBER IDENTIFIER | |
| rucl marc code | BD-RjUL |
| 005 - DATE AND TIME OF LATEST TRANSACTION | |
| control field | 20211208233224.0 |
| 008 - FIXED-LENGTH DATA ELEMENTS--GENERAL INFORMATION | |
| fixed length control field | 131123s1969 xx 000 0 eng d |
| 035 ## - SYSTEM CONTROL NUMBER | |
| System control number | OCLC ocm00935975 from D970313M |
| -- | (BD-RjUL)727 |
| 040 ## - CATALOGING SOURCE | |
| Original cataloging agency | KSU |
| Transcribing agency | KSU |
| Modifying agency | EQO |
| -- | BD-RjUL |
| Language of cataloging | eng |
| 041 ## - LANGUAGE CODE | |
| Language code of text/sound track or separate title | eng |
| 082 ## - DEWEY DECIMAL CLASSIFICATION NUMBER | |
| Classification number | 018.10973 |
| Author mark and year | NAT 1969 |
| 090 ## - LOCALLY ASSIGNED LC-TYPE CALL NUMBER (OCLC); LOCAL CALL NUMBER (OCLC) | |
| Classification number (OCLC) (R) ; Classification number, CALL (RLIN) (NR) | Z1215 |
| Local cutter number (OCLC) ; Book number/undivided call number, CALL (RLIN) | .U5 1963-67 |
| 245 04 - TITLE STATEMENT | |
| Title | The National union catalog : |
| Remainder of title | a cumulative author list representing Library of Congress printed cards and titles reported by other American libraries, 1963-1967 / |
| Statement of responsibility, etc. | Compiled, edited and approved by the Library of Congress with the cooperation of the Resources Committee of the Resources and Technical Services Division, American Library Association. |
| 260 ## - PUBLICATION, DISTRIBUTION, ETC. (IMPRINT) | |
| Place of publication, distribution, etc. | Ann Arbor : |
| Name of publisher, distributor, etc. | J. W. Edwards, |
| Date of publication, distribution, etc. | 1969. |
| 300 ## - PHYSICAL DESCRIPTION | |
| Pagination | 67 v. |
| Size | 29 cm. |
| 490 ## - SERIES STATEMENT | |
| Volume/sequential designation | V-52 |
| 650 #0 - SUBJECT ADDED ENTRY--TOPICAL TERM | |
| Topical term or geographic name as entry element | Union catalogs. |
| 9 (RLIN) | 2113 |
| 710 2# - ADDED ENTRY--CORPORATE NAME | |
| Corporate name or jurisdiction name as entry element | American Library Association. |
| Subordinate unit | Committee on Resources of American Libraries. |
| 9 (RLIN) | 2114 |
| Corporate name or jurisdiction name as entry element | Library of Congress. |
| 9 (RLIN) | 2115 |
| 942 ## - ADDED ENTRY ELEMENTS (KOHA) | |
| Source of classification or shelving scheme | Dewey Decimal Classification |
| Koha item type | Books |
| Lost status | Source of classification or shelving scheme | Damaged status | Not for loan | Collection code | Permanent Location | Current Location | Shelving location | Date acquired | Source of acquisition | Cost, normal purchase price | Total Checkouts | Full call number | Date last seen | Copy number | Koha item type |
|---|---|---|---|---|---|---|---|---|---|---|---|---|---|---|---|
| Dewey Decimal Classification | Not For Loan | Non-fiction | Central Library, University of Rajshahi | Central Library, University of Rajshahi | Reading Room | Not Found | 0.00 | 018.10973 NAT 1969 | 23/11/2013 | C-1 | Books |